Online Catalogue and eLibrary

An introductory guide to human rights law and humanitarian law (Record no. 2816)

MARC details
000 -LEADER
fixed length control field 00480nam a2200181Ia 4500
005 - DATE AND TIME OF LATEST TRANSACTION
control field 20240606014039.0
008 - FIXED-LENGTH DATA ELEMENTS--GENERAL INFORMATION
fixed length control field 240331s9999 xx 000 0 und d
020 ## - INTERNATIONAL STANDARD BOOK NUMBER
ISBN 9559255002
082 ## - DDC Classification
Item Number - Author Mark LEA
Class No. 341
100 ## - MAIN ENTRY--PERSONAL NAME
Personal name Leary, V.A
100 ## - MAIN ENTRY--PERSONAL NAME
Personal name Wickremasinghe
245 #3 - TITLE STATEMENT
Title An introductory guide to human rights law and humanitarian law
260 ## - PUBLICATION, DISTRIBUTION, ETC.
Name of publisher, distributor, etc. The Nadesan Centre
Place of publication, distribution, etc. Colombo
Date of publication, distribution, etc. 1993
300 ## - PHYSICAL DESCRIPTION
Extent (e.g. Volumes, Pages etc.) 68 p.,
650 ## - SUBJECT ADDED ENTRY--TOPICAL TERM
Topical term or geographic name entry element Human Rights
650 ## - SUBJECT ADDED ENTRY--TOPICAL TERM
Topical term or geographic name entry element Humanitarian Law
942 ## - Koha item type (Biblio)
Koha item type Books in Stacks (Lending)
Holdings
Lost status Damaged status Collection code Home library Current library Shelving location Date acquired Full call number Accession Number Item type
    Lending WERC Library WERC Library Social Science Cupboard 03/31/2024 341 LEA 3242 Books in Stacks (Lending)

© WERC Library